Value et risk method and its possible application in the risk management process in Slovak companies? (<a> case study on British Petroleum plc)
Uložené v:
| Hlavný autor: | |
|---|---|
| Médium: | Kapitola |
| Jazyk: | English |
| Tagy: |
Žiadne tagy, Buďte prvý, kto otaguje tento záznam!
|
MARC
| LEADER | 00000naa$a2200000$$$4500 | ||
|---|---|---|---|
| 001 | 0109233 | ||
| 005 | 20221128114115.2 | ||
| 041 | 0 | |a eng | |
| 044 | |a SK | ||
| 245 | 1 | 0 | |a Value et risk method and its possible application in the risk management process in Slovak companies? |b (<a> case study on British Petroleum plc) |c Ľubomíra Szarková |
| 100 | 1 | |a Szarková, Ľubomíra, 1977- | |